| 000 | 00977cab a22002175a 4500 | ||
|---|---|---|---|
| 001 | L144263 | ||
| 008 | 080707s2008 xxkad f s 000 0 eng d | ||
| 035 | _a(Sirsi) u144263 | ||
| 041 | 0 | _aeng | |
| 100 | 1 | _aChiang, Yat-Hung | |
| 245 | 0 | 0 | _aTime-varying performance of four Asia-Pacific REITs |
| 260 | _c2008 | ||
| 490 | 0 |
_aJournal of Property Investment and Finance _v26(3) 2008, 210-231(22) |
|
| 520 | _aAims to determine the relationships between REITs returns and those of other financial and real unsecuritised assets globally. Finds that the correlation between REIT returns and other assets differs from country to country and in time. Suggests REITS can help diversify a portfolio, but should not be seen as a replacement for direct property investment. | ||
| 590 | _aKA | ||
| 651 | 4 | _aAsia Pacific | |
| 690 | _aPROPERTY-PROPERTY FINANCE AND INVESTMENT-REAL ESTATE INVESTMENT TRUSTS | ||
| 700 | 1 | _aSo Chun Kei, Joinkey | |
| 700 | 1 | _aTang, Bo-Sin | |
| 942 | _n0 | ||
| 999 |
_c80408 _d80408 |
||